000
00467nam a2200181Ia 4500
008
090123s9999 xx 000 0 und d
082
_b
3700
100
_a
भारती सुत्र
245
_a
अवळदारी
250
_a
1
260
_c
1974
300
_a
397
600
_a
भारती सुत्र
630
_a
अवळदारी
700
_a
भारती सुत्र
730
_a
अवळदारी
942
_c
BOOK
999
_c
41779
_d
41779